[Event "Høstturnering"]
[Site "Ås"]
[Date "1991.11.19"]
[Round "7"]
[White "Samset, Jon"]
[Black "Mielnik, Jan"]
[Result "1-0"]
[WhiteElo "1017"]
[BlackElo "1103"]
[PlyCount "50"]
[EventDate "1991.09.10"]

1. c4 c5 2. Nf3 d5 3. e3 Bf5 4. g3 Nf6 5. b3 e6 6. d3 Be7 7. Bg2 Nc6 8. O-O Nb4
9. Ne1 O-O 10. Bb2 Rb8 11. Nc3 Ng4 12. d4 cxd4 13. Qxd4 Bf6 14. Qxa7 Nd3 15.
Nxd3 Bxd3 16. Rfd1 Ne5 17. cxd5 exd5 18. Qa4 b5 19. Qf4 g5 20. Qb4 g4 21. Nxd5
Nf3+ 22. Bxf3 Bc2 23. Nxf6+ Kh8 24. Rxd8 Rfxd8 25. Qxg4 Bg6 1-0

[Event "Høstturnering"]
[Site "Ås"]
[Date "1991.11.19"]
[Round "7"]
[White "Olsen, Trygve"]
[Black "Hellberg, Lars"]
[Result "1-0"]
[WhiteElo "1266"]
[BlackElo "1405"]
[PlyCount "65"]
[EventDate "1991.09.10"]

1. d4 f5 2. c4 e6 3. c5 Nf6 4. Bg5 Be7 5. Nf3 O-O 6. Nc3 b6 7. b4 Bb7 8. Bf4
Ne4 9. Nb5 d6 10. cxd6 cxd6 11. Rc1 Nc6 12. Qb3 d5 13. a3 a6 14. Nc7 Rc8 15.
Nxe6 Qe8 16. Nxf8 Qxf8 17. Qxd5+ Kh8 18. Qb3 Rd8 19. e3 Qe8 20. Be2 Bf6 21. O-O
Ne7 22. Qd3 Nd5 23. Be5 Bxe5 24. Nxe5 Nef6 25. Qxf5 Ne7 26. Qe6 Bd5 27. Qxb6
Nd7 28. Nxd7 Nc8 29. Rxc8 Rxc8 30. Ne5 Rc2 31. Qxa6 Qd8 32. Qd3 Qg5 33. Bf3 1-0

[Event "Høstturnering"]
[Site "Ås"]
[Date "1991.11.26"]
[Round "8"]
[White "Furnes, Torstein"]
[Black "Skaug, Thorbjørn"]
[Result "1-0"]
[WhiteElo "1379"]
[BlackElo "1143"]
[PlyCount "83"]
[EventDate "1991.09.10"]

1. d4 e5 2. dxe5 Nc6 3. Nf3 Qe7 4. Nc3 Nxe5 5. Nxe5 Qxe5 6. g3 c6 7. Bg2 Bb4 8.
Bd2 Nf6 9. O-O O-O 10. e4 Qc7 11. a3 Ba5 12. b4 Bb6 13. Bf4 d6 14. Bxd6 Qd8 15.
Bxf8 Qxf8 16. e5 Bg4 17. Qe1 Nd7 18. h3 Bh5 19. e6 Re8 20. exf7+ Bxf7 21. Qd2
Ne5 22. Na4 Rd8 23. Qf4 Bc7 24. Nc5 b6 25. Nd3 Qd6 26. Nxe5 Qxe5 27. Qxe5 Bxe5
28. Rad1 Rc8 29. Rfe1 Bf6 30. Rd6 Bg6 31. Bxc6 Bxc2 32. Re8+ Rxe8 33. Bxe8 h6
34. Rc6 Bf5 35. g4 Be4 36. Rc8 g5 37. Bg6+ Kg7 38. Bxe4 Be7 39. Rc7 Kf6 40.
Rxa7 Bd6 41. Rb7 Ke5 42. Rxb6 1-0

[Event "Høstturnering"]
[Site "Ås"]
[Date "1991.11.26"]
[Round "8"]
[White "Wilberg, Alf"]
[Black "Lea, Per"]
[Result "1-0"]
[WhiteElo "1517"]
[BlackElo "1569"]
[PlyCount "43"]
[EventDate "1991.09.10]

1. d4 d5 2. Nf3 Nf6 3. Bf4 e6 4. e3 c5 5. Nbd2 Nc6 6. c3 c4 7. Be2 Be7 8. Qc2
b5 9. a3 a5 10. e4 dxe4 11. Nxe4 Nd5 12. Bg3 Nb6 13. O-O O-O 14. Rfd1 f5 15.
Nc5 f4 16. Qe4 fxg3 17. Qxc6 gxh2+ 18. Kh1 Bd7 19. Nxd7 Qxd7 20. Qxb6 Rfb8 21.
Ne5 Qd5 22. Qc6 1-0

[Event "Høstturnering"]
[Site "Ås"]
[Date "1991.11.26"]
[Round "8"]
[White "Weberg, Øyvind"]
[Black "Olsen, Trygve"]
[Result "0-1"]
[WhiteElo "1622"]
[BlackElo "1266"]
[PlyCount "86"]
[EventDate "1991.09.10"]

1. c4 c5 2. Nc3 Nf6 3. g3 Nc6 4. Bg2 e5 5. d3 h6 6. Nf3 d5 7. cxd5 Nxd5 8. Nxe5
Nde7 9. Nf3 Nf5 10. e3 Be6 11. O-O Be7 12. Ne2 g5 13. a3 g4 14. Ne1 Ne5 15. Nf4
Qd7 16. Nxe6 fxe6 17. Bd2 h5 18. Bc3 Bf6 19. d4 cxd4 20. exd4 Nc4 21. d5 Bxc3
22. dxe6 Qxd1 23. Rxd1 Nxb2 24. Rd7 Nd4 25. Bxb7 Rb8 26. Ng2 Nd3 27. Ba6 Ne2+
28. Kh1 Nxf2+ 29. Rxf2 Rb1+ 30. Ne1 Rxe1+ 31. Rf1 Rxf1+ 32. Kg2 Rhf8 33. Rf7
R1xf7 34. exf7+ Rxf7 35. Bxe2 Bd4 36. Bd3 Rf2+ 37. Kh1 Ke7 38. Bg6 h4 39. gxh4
Kf6 40. Be4 Ke5 41. Bg2 Ra2 42. h3 g3 43. Bf1 Rh2# 0-1

[Event "Høstturnering"]
[Site "Ås"]
[Date "1991.11.26"]
[Round "8"]
[White "Furnes, Harald"]
[Black "Samset, Jon"]
[Result "1-0"]
[WhiteElo "1569"]
[BlackElo "1017"]
[Annotator "Lea,Per"]
[PlyCount "79"]
[EventDate "1991.09.10"]

1. d4 d5 2. c4 e6 3. Nf3 Nf6 4. Bg5 Be7 5. Nc3 O-O 6. e3 h6 7. Bh4 b6 8. Rc1
Nbd7 9. Qc2 Re8 10. cxd5 exd5 11. Bb5 Bb7 12. Ne2 Rc8 13. Qa4 c6 14. Bxc6 Bxc6
15. Rxc6 Rxc6 16. Qxc6 Bb4+ 17. Kf1 Re6 18. Qb5 Be7 19. Nc3 Qc8 20. Ke2 Ne4 21.
Bxe7 Rxe7 (21... Qxc3 22. bxc3 Nxc3+ 23. Kd3 Nxb5 $11) 22. Nxe4 dxe4 23. Nd2
Nf6 24. h3 Qc2 25. Qb3 Qc6 26. Qc4 Qd7 27. Rc1 Qf5 28. Qc8+ Qxc8 29. Rxc8+ Kh7
30. f3 exf3+ 31. gxf3 Nd5 32. e4 Nf4+ 33. Ke3 Nxh3 34. d5 h5 35. f4 h4 36. Nf3
f6 37. Nxh4 g5 38. d6 gxf4+ 39. Kd4 Rd7 40. Rc7 1-0

[Event "Høstturnering"]
[Site "Ås"]
[Date "1991.11.26"]
[Round "8"]
[White "Hanssen, Jon Fredrik"]
[Black "Hellberg, Lars"]
[Result "0-1"]
[WhiteElo "985"]
[BlackElo "145"]
[PlyCount "68"]
[EventDate "1991.09.10"]

1. d4 f5 2. Nf3 Nf6 3. c4 e6 4. Bg5 Be7 5. Nc3 O-O 6. e3 d6 7. Bd3 b6 8. O-O
Bb7 9. h3 Nbd7 10. b3 c5 11. Qe2 Ne4 12. Bxe7 Qxe7 13. Rac1 Rad8 14. a4 Ndf6
15. Rc2 Nxc3 16. Rxc3 Ne4 17. Rc2 Rf6 18. Rd1 Rg6 19. Kf1 Ng5 20. Nh2 Bxg2+ 21.
Kxg2 Qb7+ 22. f3 Nxf3+ 23. Kf2 Nxh2 24. e4 fxe4 25. Bxe4 Rf8+ 26. Ke1 Nf3+ 27.
Bxf3 Rxf3 28. d5 Qf7 29. Rd3 Rg1+ 30. Kd2 Rf2 31. Re3 Rxe2+ 32. Rxe2 Qf4+ 33.
Re3 Qd4+ 34. Ke2 Qd1+ 0-1

[Event "Høstturnering"]
[Site "Ås"]
[Date "1991.12.16"]
[Round "9"]
[White "Samset, Jon"]
[Black "Lea, Per"]
[Result "0-1"]
[WhiteElo "1017"]
[BlackElo "1569"]
[PlyCount "66"]
[EventDate "1991.09.10]

1. c4 Nf6 2. Nf3 e6 3. e3 d5 4. b3 Be7 5. g3 O-O 6. d4 c5 7. Bg2 Nc6 8. O-O Qb6
9. Bb2 Rd8 10. Nc3 cxd4 11. Nxd4 Nxd4 12. Qxd4 Qxd4 13. exd4 dxc4 14. Ne2 cxb3
15. axb3 Nd5 16. Rfe1 b6 17. Rac1 Bb7 18. Nf4 Nxf4 19. gxf4 Bxg2 20. Kxg2 Bf6
21. Re4 Rac8 22. Rce1 Rc2 23. Ba1 Bh4 24. R1e2 Rxe2 25. Rxe2 Bf6 26. Rc2 Kf8
27. Bb2 Bxd4 28. Rd2 Bf6 29. Rc2 Bxb2 30. Rxb2 Rd3 31. b4 a5 32. b5 Rd4 33. Kf3
Rb4 0-1

[Event "Høstturnering"]
[Site "Ås"]
[Date "1991.12.10"]
[Round "9"]
[White "Køhler, Torbjørn"]
[Black "Jørgensen, Trygve"]
[Result "1-0"]
[WhiteElo "1146"]
[BlackElo "740"]
[PlyCount "97"]
[EventDate "1991.09.10"]

1. e4 e5 2. Nf3 Nc6 3. Nc3 Nf6 4. Bc4 d6 5. Ng5 Ng4 6. Nxf7 Qf6 7. Qf3 Nd4 8.
Qxf6 gxf6 9. Nxh8 Nxc2+ 10. Ke2 Nxa1 11. Nd5 Kd8 12. Nf7+ Kd7 13. f3 Nh6 14.
Nxh6 Bxh6 15. Nxf6+ Ke7 16. Nxh7 Be6 17. Bxe6 Kxe6 18. d3 Rh8 19. Bxh6 Rxh7 20.
Be3 Nc2 21. a3 Nxe3 22. Kxe3 Rg7 23. g4 a5 24. a4 c5 25. b3 b6 26. h4 d5 27.
exd5+ Kxd5 28. h5 Ke6 29. Rf1 Kf6 30. f4 Rxg4 31. fxe5+ Kxe5 32. Rh1 Rg3+ 33.
Kd2 Kd4 34. Rh4+ Kd5 35. h6 Rg8 36. h7 Rh8 37. Ke3 Re8+ 38. Kd2 Rh8 39. Ke3
Re8+ 40. Kf4 Rf8+ 41. Kg5 Rh8 42. Kf6 Rf8+ 43. Kg7 Rd8 44. h8=Q Rxh8 45. Kxh8
Kc6 46. Rh5 Kb7 47. Rh6 Ka6 48. Kg7 Kb7 49. Kf7 1-0

[Event "Høstturnering"]
[Site "Ås"]
[Date "1991.12.10"]
[Round "9"]
[White "Olsen, Trygve"]
[Black "Wilberg, Alf"]
[Result "0-1"]
[WhiteElo "1266"]
[BlackElo "1517"]
[PlyCount "100"]
[EventDate "1991.09.10"]

1. e4 b6 2. Bc4 e6 3. Nc3 Bb7 4. a3 Nf6 5. d3 Be7 6. Bf4 O-O 7. g4 d5 8. g5
dxc4 9. gxf6 Bxf6 10. Qd2 c5 11. Nf3 cxd3 12. cxd3 Nc6 13. Rg1 e5 14. Bh6 Kh8
15. Nd5 Rg8 16. Bg5 Bxg5 17. Nxg5 Qd7 18. Rg3 f6 19. Nf3 Nd4 20. Nxd4 cxd4 21.
Nb4 Rac8 22. Ke2 Rc7 23. Rag1 Qa4 24. Qh6 Qd7 25. Qxf6 Qe7 26. Qxe7 Rxe7 27.
Rc1 a5 28. Nc2 Rc8 29. Kd2 Rec7 30. Rgg1 Ba6 31. Rg5 Rc5 32. Rgg1 g6 33. h4 Kg7
34. f4 exf4 35. Nxd4 Rxc1 36. Rxc1 Rxc1 37. Kxc1 Bxd3 38. e5 Kf7 39. Kd2 Be4
40. Ne2 f3 41. Ng3 Bd5 42. Ke3 Ke6 43. Kd4 h6 44. Nh1 g5 45. hxg5 hxg5 46. Nf2
Bc6 47. Ng4 Kf5 48. Ne3+ Kf4 49. e6 g4 50. e7 f2 0-1

[Event "Klubbmesterskap, klasse 1"]
[Site "Ås"]
[Date "1992.02.04"]
[Round "1"]
[White "Furnes, Harald"]
[Black "Lea, Per"]
[Result "0-1"]
[WhiteElo "1539"]
[BlackElo "1560"]
[PlyCount "80"]
[EventDate "1992.02.04"]

1. d4 Nf6 2. c4 g6 3. Nc3 Bg7 4. e4 d6 5. Be2 O-O 6. Nf3 Nbd7 7. Be3 c5 8. d5
Ng4 9. Bd2 a6 10. Ng5 Ngf6 11. f4 h6 12. Nf3 Nb6 13. h3 Bd7 14. Qc2 Qe8 15.
O-O-O Na4 16. Bd3 Nxc3 17. Bxc3 b5 18. e5 Nh5 19. e6 Bc8 20. exf7+ Qxf7 21.
Bxg6 Qxf4+ 22. Bd2 Bf5 23. Bxf5 Qxf5 24. Qxf5 Rxf5 25. b3 bxc4 26. bxc4 Rb8 27.
Rhe1 Kf7 28. Re3 Rf4 29. Rde1 Rxc4+ 30. Kd1 Rb1+ 31. Ke2 Nf4+ 32. Kf1 Rxe1+ 33.
Bxe1 Nxd5 34. Ra3 Bc3 35. Rxa6 Bxe1 36. Nxe1 Nb4 37. Ra3 Rc1 38. Ke2 Rxe1+ 39.
Kd2 Ra1 40. Rf3+ Ke8 0-1

[Event "Klubbmesterskap, klasse 1"]
[Site "Ås"]
[Date "1992.02.11"]
[Round "2"]
[White "Hellberg, Lars"]
[Black "Lea, Per"]
[Result "0-1"]
[WhiteElo "1364"]
[BlackElo "1560"]
[PlyCount "58"]
[EventDate "1992.02.04"]

1. e4 e5 2. Nf3 Nc6 3. Bb5 a6 4. Ba4 Nf6 5. d4 exd4 6. e5 Ne4 7. O-O Be7 8. c3
dxc3 9. Nxc3 Nxc3 10. bxc3 O-O 11. Be3 f6 12. Qd5+ Kh8 13. Bb3 Nxe5 14. Nxe5
fxe5 15. Qxe5 d6 16. Qh5 Bf5 17. Rad1 Qd7 18. Bd4 Bg4 19. Qh6 Bf6 20. Bxf6 Rxf6
21. Qd2 Bxd1 22. Rxd1 Raf8 23. Rf1 c6 24. Bc2 d5 25. Qd4 Rf4 26. Qe5 Qe8 27.
Qg5 Rxf2 28. Rb1 Rxc2 29. Rxb7 Qe1# 0-1

[Event "Klubbmesterskap, klasse 1"]
[Site "Ås"]
[Date "1992.03.03"]
[Round "3"]
[White "Lea, Per"]
[Black "Johansen, Anders Sten"]
[Result "1/2-1/2"]
[WhiteElo "1560"]
[BlackElo "1590"]
[PlyCount "34"]
[EventDate "1992.02.04"]

1. e4 c5 2. Nf3 d6 3. d4 cxd4 4. Nxd4 Nf6 5. Nc3 Nc6 6. Bg5 e6 7. f4 Be7 8. Qd2
O-O 9. O-O-O h6 10. Bxf6 Bxf6 11. Nxc6 bxc6 12. Qxd6 Qb6 13. e5 Rd8 14. Qa3
Qe3+ 15. Kb1 Rxd1+ 16. Nxd1 Qxa3 17. bxa3 Be7 1/2-1/2

[Event "Klubbmesterskap, klasse 1"]
[Site "Ås"]
[Date "1992.03.10"]
[Round "4"]
[White "Weberg, Øivind"]
[Black "Lea, Per"]
[Result "1-0"]
[WhiteElo "1626"]
[BlackElo "1560"]
[PlyCount "77"]
[EventDate "1992.02.04"]

1. e4 e5 2. Nf3 Nc6 3. Bb5 a6 4. Ba4 Nf6 5. O-O Be7 6. Re1 b5 7. Bb3 d6 8. c3
O-O 9. d4 Bg4 10. Be3 exd4 11. cxd4 Na5 12. Bc2 c5 13. d5 Nc4 14. Bc1 Ne5 15.
Nbd2 Qc7 16. h3 Bh5 17. g4 Nxf3+ 18. Nxf3 Bg6 19. b3 Nd7 20. Bb2 Bf6 21. Bxf6
Nxf6 22. Rc1 Rfe8 23. Nd2 Nd7 24. f4 f6 25. Nf3 Rad8 26. Re3 Nf8 27. Qd2 Bf7
28. g5 f5 29. Rce1 fxe4 30. Bxe4 Ng6 31. Qh2 Qd7 32. Qg3 Ne7 33. Rd3 g6 34. Nh2
Nf5 35. Qf2 Nd4 36. Ng4 Kg7 37. Nf6 Qe7 38. Qh4 Rh8 39. Qh6# 1-0

[Event "Klubbmesterskap, klasse 1"]
[Site "Ås"]
[Date "1992.02.18"]
[Round "5"]
[White "Lea, Per"]
[Black "Wilberg, Alf"]
[Result "0-1"]
[WhiteElo "1560"]
[BlackElo "1531"]
[PlyCount "48"]
[EventDate "1992.02.04"]

1. e4 b6 2. d4 e6 3. c4 Bb7 4. Nc3 Nf6 5. Bd3 d6 6. Nf3 Nbd7 7. O-O Be7 8. b3
O-O 9. Bb2 c5 10. d5 e5 11. Ne2 Nh5 12. Qd2 Bc8 13. h3 g6 14. g4 Ng7 15. Nh2
Bg5 16. f4 exf4 17. Nxf4 Ne5 18. Bc2 f5 19. exf5 gxf5 20. gxf5 Bxf5 21. Bxf5
Rxf5 22. Rae1 Bxf4 23. Rxf4 Qg5+ 24. Ng4 Rxf4 0-1

[Event "Klubbmesterskap, klasse 1"]
[Site "Ås"]
[Date "1992.05.12"]
[Round "6"]
[White "Lea, Per"]
[Black "Furnes, Harald"]
[Result "1-0"]
[WhiteElo "1560"]
[BlackElo "1539"]
[PlyCount "81"]
[EventDate "1992.02.04"]

1. e4 Nc6 2. d4 e6 3. Nf3 d5 4. e5 h6 5. Nc3 Bb4 6. a3 Ba5 7. b4 Bb6 8. Bb2 Bd7
9. a4 a5 10. b5 Nce7 11. Bd3 c5 12. bxc6 bxc6 13. O-O Nf5 14. Ne2 Nh4 15. Ng3
Nxf3+ 16. Qxf3 g6 17. c3 Ne7 18. Qf6 Rg8 19. Bc1 Nf5 20. Nxf5 exf5 21. Bxh6
Qxf6 22. exf6 Bc7 23. Rfe1+ Be6 24. h3 Kd7 25. Rab1 Rab8 26. g4 Rxb1 27. Bxb1
Rh8 28. gxf5 gxf5 29. Bd2 Rxh3 30. Kg2 Rh7 31. Rh1 Rxh1 32. Kxh1 Bd8 33. Bg5
Ke8 34. Kg2 Kf8 35. Kf3 Kg8 36. Kf4 Kh7 37. Bxf5+ Kg8 38. Bxe6 fxe6 39. Ke5 Kf7
40. Kd6 e5 41. dxe5 1-0

[Event "Klubbmesterskap, klasse 1"]
[Site "Ås"]
[Date "1992.04.07"]
[Round "7"]
[White "Lea, Per"]
[Black "Hellberg, Lars"]
[Result "1-0"]
[WhiteElo "1560"]
[BlackElo "1364"]
[PlyCount "45"]
[EventDate "1992.02.04"]

1. e4 e5 2. Nc3 Nf6 3. Bc4 Bc5 4. Nf3 Nc6 5. O-O d6 6. Bb5 Bd7 7. Bxc6 Bxc6 8.
Re1 O-O 9. d4 exd4 10. Nxd4 Bd7 11. Bg5 Be6 12. Nd5 Bxd5 13. exd5 h6 14. Bh4 g5
15. Bg3 Nxd5 16. Nf5 Nf4 17. Bxf4 Qf6 18. Ne7+ Kg7 19. Be3 Rfe8 20. Nd5 Qxb2
21. Nxc7 Bxe3 22. Nxe8+ Rxe8 23. Rxe3 1-0

[Event "Klubbmesterskap, klasse 1"]
[Site "Ås"]
[Date "1992.04.21"]
[Round "8"]
[White "Johansen, Anders Sten"]
[Black "Lea, Per"]
[Result "1-0"]
[WhiteElo "1590"]
[BlackElo "1560"]
[PlyCount "69"]
[EventDate "1992.02.04"]

1. e4 e5 2. Nf3 Nc6 3. Bb5 a6 4. Ba4 Nf6 5. O-O Be7 6. Bxc6 dxc6 7. Qe1 O-O 8.
Nxe5 Re8 9. d3 Bc5 10. Nc4 Ng4 11. h3 Ne5 12. Nxe5 Rxe5 13. Bf4 Rh5 14. Qe2 Qh4
15. Bg3 Qg5 16. Kh2 Bg4 17. Qd2 Qg6 18. f3 Bd7 19. f4 Qg4 20. f5 g6 21. Rf4
Bg1+ 22. Kxg1 Qxg3 23. Rf3 Qe5 24. fxg6 hxg6 25. Nc3 Kg7 26. Raf1 Be6 27. d4
Rd8 28. d5 cxd5 29. exd5 Rf5 30. Re1 Qd6 31. Qd4+ Kg8 32. Ne4 Qe7 33. Rxf5 gxf5
34. Nf6+ Kf8 35. Qc3 {Time} 1-0

[Event "Klubbmesterskap, klasse 1"]
[Site "Ås"]
[Date "1992.05.19"]
[Round "9"]
[White "Lea, Per"]
[Black "Weberg, Øivind"]
[Result "0-1"]
[WhiteElo "1560"]
[BlackElo "1626"]
[PlyCount "63"]
[EventDate "1992.02.04"]

1. e4 e5 2. Nf3 Nc6 3. Bc4 g6 4. d4 exd4 5. Nxd4 Bg7 6. c3 Ne5 7. Bb3 d6 8. f4
Nd7 9. O-O Nc5 10. Bc2 Qe7 11. Nd2 Nf6 12. b4 Ne6 13. N2f3 O-O 14. Nxe6 fxe6
15. e5 Nd5 16. Qd4 Bd7 17. Bd2 c5 18. Qc4 Rac8 19. b5 Nb6 20. Qe2 d5 21. a4 Nc4
22. Bd3 Nxd2 23. Nxd2 c4 24. Bc2 Bh6 25. Qg4 Qc5+ 26. Kh1 Qe3 27. Bxg6 hxg6 28.
Qxg6+ Bg7 29. Rf3 Qxd2 30. Rh3 Rxf4 31. Rh7 Rf7 32. Rf1 0-1

[Event "Klubbmesterskap, klasse 1"]
[Site "Ås"]
[Date "1992.04.28"]
[Round "10"]
[White "Wilberg, Alf"]
[Black "Lea, Per"]
[Result "0-1"]
[WhiteElo "1531"]
[BlackElo "1560"]
[PlyCount "76"]
[EventDate "1992.02.04"]

1. d4 d5 2. Nf3 Nf6 3. Bf4 c5 4. c3 Nc6 5. e3 Bg4 6. Be2 e6 7. h3 Bh5 8. Nbd2
Bd6 9. Ne5 Bxe2 10. Qxe2 Qc7 11. Ndf3 Ne4 12. O-O f6 13. Nd3 c4 14. Bxd6 Qxd6
15. Nde1 O-O 16. Nd2 Nxd2 17. Qxd2 b5 18. a3 a5 19. f4 b4 20. Nf3 Rfb8 21. Qc2
bxc3 22. bxc3 Rb3 23. a4 Rab8 24. Rfb1 Ne7 25. Nd2 Rxb1+ 26. Rxb1 Nf5 27. Kf2
Rxb1 28. Qxb1 Qa3 29. Qb5 Kf7 30. g4 Qxc3 31. gxf5 Qxd2+ 32. Kf3 Qd1+ 33. Kf2
Qc2+ 34. Kg3 Qxf5 35. Qxa5 Qd3 36. Qc7+ Kg6 37. Kg4 Qxe3 38. Qd7 f5+ 0-1

[Event "Klubbmesterskap, klasse 2"]
[Site "Ås"]
[Date "1992.03.24"]
[Round "?"]
[White "Olsen, Trygve"]
[Black "Hanssen, Fredrik"]
[Result "1-0"]
[WhiteElo "1269"]
[BlackElo "1175"]
[PlyCount "76"]
[EventDate "1992.02.04"]

1. e4 c6 2. Nf3 d5 3. e5 f6 4. h3 fxe5 5. Nxe5 Nf6 6. Bd3 Nbd7 7. f4 Qc7 8. Qe2
g6 9. g4 Bg7 10. Bxg6+ Kf8 11. Bd3 Nxe5 12. Qxe5 Qxe5+ 13. fxe5 Nd7 14. e6 Nc5
15. Rf1+ Ke8 16. Rf7 Nxe6 17. Rf1 Nc5 18. Be2 Ne4 19. Rf3 h5 20. gxh5 Rxh5 21.
Rf8+ Kxf8 22. Bxh5 Bxh3 23. Nc3 Bxc3 24. dxc3 Kg7 25. Be3 a6 26. O-O-O Rf8 27.
Rg1+ Kf6 28. c4 e6 29. Bh6 Ra8 30. cxd5 exd5 31. b3 Ke5 32. Kb2 Kd4 33. Rd1+
Kc5 34. Be3+ Kb5 35. Rd4 c5 36. Rxd5 Kb6 37. Re5 Bg2 38. b4 Rc8 1-0

[Event "Klubbmesterskap, klasse 2"]
[Site "Ås"]
[Date "1992.03.17"]
[Round "?"]
[White "Skaug, Thorbjørn"]
[Black "Køhler, Torbjørn"]
[Result "0-1"]
[WhiteElo "1158"]
[BlackElo "1093"]
[PlyCount "96"]
[EventDate "1992.02.04"]

1. b4 d5 2. Bb2 Bf5 3. e3 e6 4. b5 c6 5. c4 Qb6 6. a4 Nf6 7. a5 Qc7 8. Nf3 Bb4
9. Bc3 Bxc3 10. Nxc3 O-O 11. Be2 Rd8 12. d4 Ne4 13. Nxe4 Bxe4 14. Qb3 Rc8 15.
O-O cxb5 16. cxb5 Nd7 17. Qa3 Qd8 18. Rfc1 Rxc1+ 19. Rxc1 Rc8 20. Rxc8 Qxc8 21.
Qa1 h6 22. h3 Qc2 23. Bd1 Qc4 24. Qb2 Bd3 25. b6 axb6 26. axb6 Qb5 27. Qxb5
Bxb5 28. Nd2 Nxb6 29. Nb3 Nc4 30. Nc5 b6 31. Nb7 Kf8 32. g4 Ke7 33. Bf3 Bc6 34.
Nc5 bxc5 35. dxc5 Bb7 36. Be2 Kd7 37. e4 Kc6 38. exd5+ exd5 39. Bf3 Kxc5 40.
Be2 Nb2 41. Kf1 Kb4 42. Bf3 Kc3 43. Ke1 Nd3+ 44. Kf1 Nf4 45. h4 Ba6+ 46. Kg1 d4
47. Be4 d3 48. Bxd3 Bxd3 {og svart vant etter fÃ¥ trekk} 0-1

[Event "Klubbmesterskap, klasse 2"]
[Site "Ås"]
[Date "1992.02.04"]
[Round "?"]
[White "Olsen, Trygve"]
[Black "Furnes, Torstein"]
[Result "1-0"]
[WhiteElo "1269"]
[BlackElo "1357"]
[PlyCount "61"]
[EventDate "1992.02.04"]

1. e4 c5 2. Bc4 Nc6 3. Nf3 d6 4. Ng5 e6 5. d3 Be7 6. h4 Bd7 7. Nc3 Nf6 8. h5 a6
9. a3 b5 10. Ba2 h6 11. Nf3 O-O 12. Nh2 b4 13. axb4 cxb4 14. Ne2 d5 15. exd5
Nxd5 16. Ng4 Nf6 17. Nxh6+ gxh6 18. Bxh6 Re8 19. d4 Kh7 20. Be3 Rg8 21. Qd3+
Kh8 22. O-O-O Rxg2 23. Nf4 Rg7 24. h6 Rh7 25. Rdg1 Qc7 26. Nh5 Nxh5 27. Rxh5
Rg8 28. Rg7 Rhxg7 29. hxg7+ Kxg7 30. Qh7+ Kf8 31. Bh6+ 1-0

[Event "Klubbmesterskap, klasse 2"]
[Site "Ås"]
[Date "1992.02.11"]
[Round "?"]
[White "Olsen, Trygve"]
[Black "Køhler, Torbjørn"]
[Result "1-0"]
[WhiteElo "1269"]
[BlackElo "1093"]
[PlyCount "95"]
[EventDate "1992.02.04"]

1. e4 e5 2. Bc4 Nf6 3. Qf3 Bc5 4. Nc3 Nc6 5. Nge2 d6 6. h3 Qe7 7. g4 h6 8. d3
a6 9. g5 hxg5 10. Bxg5 Nd4 11. Nxd4 Bxd4 12. Nd5 Qd7 13. Bxf6 Rxh3 14. Rxh3
Qxh3 15. Qxh3 Bxh3 16. Nxc7+ Kd7 17. Nxa8 gxf6 18. O-O-O Bxf2 19. Rh1 Be3+ 20.
Kb1 Be6 21. Bd5 Bxd5 22. exd5 f5 23. c4 f4 24. Kc2 Ke7 25. Kd1 f5 26. Rh7+ Kf6
27. Rxb7 e4 28. dxe4 fxe4 29. Ke2 Ke5 30. Nc7 Kd4 31. b3 f3+ 32. Kf1 Bd2 33.
Ne6+ Kd3 34. Rf7 Kc3 35. c5 dxc5 36. d6 Kb2 37. d7 Ba5 38. Nxc5 Kxa2 39. Nxe4
Kxb3 40. Rxf3+ Kc4 41. Rf5 Bd8 42. Nd6+ Kb4 43. Nb7 Bh4 44. Ra5 Kc4 45. Rxa6
Kb5 46. Rg6 Be7 47. d8=Q Bxd8 48. Nxd8 1-0

[Event "Klubbmesterskap, klasse 2"]
[Site "Ås"]
[Date "1992.02.11"]
[Round "?"]
[White "Samset, Jon"]
[Black "Furnes, Torstein"]
[Result "0-1"]
[WhiteElo "1062"]
[BlackElo "1357"]
[PlyCount "56"]
[EventDate "1992.02.04"]

1. c4 Nf6 2. Nf3 d5 3. e3 Bg4 4. d4 e6 5. g3 Nbd7 6. c5 e5 7. dxe5 Nxe5 8. Bg2
Nxf3+ 9. Bxf3 Bxf3 10. Qxf3 Bxc5 11. O-O O-O 12. Rd1 c6 13. Nc3 Qc7 14. e4 dxe4
15. Nxe4 Nxe4 16. Qxe4 Rfe8 17. Qg4 Qb6 18. Qf3 Re6 19. Rd2 Rae8 20. Rd7 Bxf2+
21. Qxf2 Re1+ 22. Kg2 R1e2 23. Qxe2 Rxe2+ 24. Kh3 h6 25. b3 Qf2 26. Rd8+ Kh7
27. Ba3 Qf5+ 28. g4 Qf3+ 0-1

[Event "Klubbmesterskap, klasse 2"]
[Site "Ås"]
[Date "1992.02.18"]
[Round "?"]
[White "Olsen, Trygve"]
[Black "Grønvold, Jan"]
[Result "1-0"]
[WhiteElo "1269"]
[BlackElo "1319"]
[PlyCount "89"]
[EventDate "1992.02.04"]

1. e4 c5 2. Bc4 Nc6 3. Qf3 Ne5 4. Qb3 Nxc4 5. Qxc4 e5 6. Nf3 d6 7. Nc3 Nf6 8.
h3 Be7 9. d3 O-O 10. g4 Be6 11. Nd5 Nxd5 12. exd5 Bd7 13. g5 b5 14. Qh4 a5 15.
Qg3 Rc8 16. c4 Rb8 17. b3 bxc4 18. dxc4 Qb6 19. h4 e4 20. Nd2 Qb4 21. Bb2 Bf5
22. Qf4 g6 23. Kf1 Rfe8 24. a3 Qb6 25. h5 Qd8 26. hxg6 fxg6 27. Qh4 h5 28. Nxe4
Rf8 29. Nf6+ Bxf6 30. gxf6 Rf7 31. Qg3 Kh7 32. Re1 Qf8 33. Qg5 Bd3+ 34. Kg1
Rxb3 35. Bc1 Rxf6 36. Rh2 Rb7 37. Re3 Bf5 38. Bd2 Rb1+ 39. Re1 Rxe1+ 40. Bxe1
a4 41. Bc3 Rf7 42. Rxh5+ gxh5 43. Qxh5+ Qh6 44. Qxf7+ Qg7+ 45. Qxg7# 1-0

[Event "Klubbmesterskap, klasse 2"]
[Site "Ås"]
[Date "1992.04.28"]
[Round "?"]
[White "Køhler, Torbjørn"]
[Black "Hanssen, Fredrik"]
[Result "1-0"]
[WhiteElo "1093"]
[BlackElo "1175"]
[PlyCount "60"]
[EventDate "1992.02.04"]

1. e4 c6 2. d4 d5 3. Nc3 Nf6 4. Bd3 g6 5. Nf3 Bg7 6. Bf4 Qb6 7. e5 Nfd7 8. Na4
Qd8 9. Qe2 Nb6 10. Nc5 e6 11. Bg5 Qc7 12. Bf6 Bxf6 13. exf6 N8d7 14. Nxd7 Nxd7
15. O-O Nxf6 16. Qe5 Qxe5 17. dxe5 Nd7 18. c3 h5 19. Rae1 b6 20. Ng5 Nc5 21.
Bc2 Ba6 22. b4 Bxf1 23. Kxf1 Nd7 24. Ba4 b5 25. Bc2 a5 26. a3 axb4 27. axb4 Ra3
28. Re3 Nb6 29. Rf3 Ra7 30. Ke2 Nc4 1-0

[Event "Klubbmesterskap, klasse 2"]
[Site "Ås"]
[Date "1992.03.17"]
[Round "?"]
[White "Samset, Jon"]
[Black "Olsen, Trygve"]
[Result "1/2-1/2"]
[WhiteElo "1062"]
[BlackElo "1269"]
[Annotator "Lea,Per"]
[PlyCount "112"]
[EventDate "1992.02.04"]

1. c4 c5 2. Nf3 Nc6 3. g3 e5 4. Bg2 Be7 5. O-O e4 6. Ne1 Nf6 7. e3 Ne5 8. b3 h5
9. h3 g5 10. Bb2 d6 11. Bxe5 dxe5 12. Nc3 Bf5 13. Qc2 g4 14. h4 Qd7 15. Rd1 Rd8
16. Bxe4 Nxe4 17. Nxe4 Bg6 18. d3 Qc6 19. Nc3 f5 20. Qe2 Rd6 21. Nb5 Re6 22.
Nxa7 Qd7 23. Nb5 f4 24. e4 Rh7 25. Nc3 Qd4 26. Nd5 Bd8 27. Kh2 Rf7 28. Nc2 Qb2
29. Ra1 fxg3+ 30. Kxg3 Rf3+ 31. Kg2 Bxh4 32. Nc7+ Kd7 33. Nxe6 Kxe6 34. Kg1 Bg5
35. Rfb1 Qc3 36. Ne1 Rf6 37. a4 {Fortsettelsen er ikke 100% sikker; slik
partiet er gjengitt i Ås-sjakk 1-1992 mangler det to halvtrekk. Hvit mÃ¥ ha
spilt a4-a5 en eller annen gang etter trekk 37, og svart har muligens flyttet
tÃ¥rnet langs f-linja.} Rf7 38. a5 g3 39. fxg3 Qd4+ 40. Kh1 Rf2 41. Nf3 Rxe2
42. Nxd4+ exd4 43. Re1 Rd2 44. a6 bxa6 45. Rxa6+ Kf7 46. Rf1+ Kg7 47. Ra7+ Kh6
48. Rf8 Be3 49. Rh8+ Kg5 50. Rc7 Rxd3 51. Rxc5+ Kf6 52. e5+ Kg7 53. Rcc8 Rd2
54. Rhg8+ Kh7 55. Rh8+ Kg7 56. Rhg8+ Kh7 1/2-1/2

[Event "Klubbmesterskap, klasse 2"]
[Site "Ås"]
[Date "1992.03.17"]
[Round "?"]
[White "Hanssen, Fredrik"]
[Black "Grønvold, Jan"]
[Result "1-0"]
[WhiteElo "1175"]
[BlackElo "1319"]
[PlyCount "109"]
[EventDate "1992.02.04"]

1. e4 c5 2. c3 Nc6 3. Nf3 Nf6 4. e5 Nd5 5. d4 e6 6. c4 Nb6 7. d5 Na5 8. b3 d6
9. Bd2 Nd7 10. dxe6 fxe6 11. Bg5 Qc7 12. exd6 Bxd6 13. Nc3 a6 14. g3 O-O 15.
Bg2 Nf6 16. Bxf6 gxf6 17. Ne4 Be7 18. O-O Bd7 19. Qc2 Nc6 20. Rad1 Rad8 21. Rd2
e5 22. Nc3 Nd4 23. Nxd4 cxd4 24. Nd5 Qd6 25. Nxe7+ Qxe7 26. Bxb7 Qd6 27. f4 Qc5
28. Qe4 Rde8 29. Qd5+ Qxd5 30. Bxd5+ Kh8 31. fxe5 fxe5 32. Rxf8+ Rxf8 33. Be4
h6 34. Rf2 Kg7 35. Rxf8 Kxf8 36. Kf2 Ke7 37. Ke2 Kd6 38. b4 Be6 39. Kd3 Bh3 40.
c5+ Kc7 41. a3 Bf1+ 42. Kd2 Bh3 43. Ke2 Bg4+ 44. Kf2 Bd7 45. Bg2 Bc6 46. Bf3 d3
47. Bxc6 Kxc6 48. Ke3 e4 49. h3 h5 50. a4 a5 51. bxa5 Kxc5 52. a6 Kc6 53. g4
Kb6 54. gxh5 Kxa6 55. h6 1-0